01298nam a22003017a 4500003000500000005001700005008004100022020002300063040001400086041000600100082001700106100003300123245004700156260004000203300004500243490002900288490001600317500008700333521000700420700003700427700005100464942004700515942001400562999001900576952013300595952013300728952013500861322820251106140945.0251106b sa ||||| |||| 00| 0 eng d a9781782091820qpbk aRDAc3228 2E aJ 599.8 DELA aDe la Bédoyère, Camilla  aMonkeys & Apes/cby Camilla de la Bedoyere aThaxted, UK: bMiles Kelly, c2013. a24 pages:c23 cm.bcolor illustrations ; aMiles Kelly Little Press aFirst Q & A aCover title. Includes index. "The book bus"--Cover. Originally published: 2011. a5+ 9126100a Parkin, Sarah eeditor 949595aGallagher, Belindaepublishing director w6786xChimezie Obiy923zItumeleng Itswene 2ddccBOOK c771778d771777 00102ddc40708500aMBOMRLbMBOMLcNon_Fictiond2025-01-23g95.00l0o599.8 DELAp33228031163793r2025-01-23w2025-01-23yBOOK 00102ddc40708500aMBOMRLbBARBLcNon_Fictiond2025-08-20g95.00l0o599.8 DELAp33228031163667r2025-08-20w2025-08-20yBOOK 00102ddc40708500aMBOMRLbMATSLcNon_Fictiond2025-11-06g86.64l0oJ 599.8 DELAp33228031162430r2025-11-06w2025-11-06yBOOK